| 000 | 00529nam a2200181 4500 | ||
|---|---|---|---|
| 001 | 136565 | ||
| 003 | ES-MaACL | ||
| 007 | t| | ||
| 008 | 070214s1953 sp r ||||1| spa d | ||
| 100 | 1 |
_aRyckmans, A. _9101103 |
|
| 245 | 1 | 3 |
_aLa parroquia viviente / _cA. Ryckmans. |
| 260 |
_aBilbao : _bDescleƩ de Brouwer, _c1953. |
||
| 300 |
_a326 p. ; _c19 cm. |
||
| 490 | 1 | _aBiblioteca de estudios pastorales | |
| 830 | 0 |
_aBiblioteca de estudios pastorales _9181669 |
|
| 852 |
_aES-MaACL _jC-6919 _bR.35463 |
||
| 999 |
_c136565 _d136565 |
||